书目信息 |
| 题名: |
金字塔尖的城市
|
|
| 作者: | 屠启宇 , 金芳 著 | |
| 分册: | ||
| 出版信息: | 上海 上海人民出版社 2007.07 |
|
| 页数: | 567页 | |
| 开本: | 26cm | |
| 丛书名: | ||
| 单 册: | ||
| 中图分类: | F299.1 | |
| 科图分类: | ||
| 主题词: | 城市经济--cheng shi jing ji--经济发展--研究报告--世界 | |
| 电子资源: | ||
| ISBN: | 978-7-208-06978-7 | |
| 000 | 01150nam0 2200289 450 | |
| 001 | 012008816754 | |
| 005 | 20080602092505.98 | |
| 010 | @a978-7-208-06978-7@dCNY78.00 | |
| 100 | @a20080602d2007 em y0chiy0120 ea | |
| 101 | 0 | @achi |
| 102 | @aCN@b310000 | |
| 105 | @aak a 000yy | |
| 106 | @ar | |
| 200 | 1 | @a金字塔尖的城市@Ajin zi ta jian de cheng shi@e国际大都市发展报告@f屠启宇, 金芳等著@Ftu qi yu,jin fang deng zhu |
| 210 | @a上海@c上海人民出版社@d2007.07 | |
| 215 | @a567页@c图@d26cm | |
| 312 | @a英文并列题名取自封面 | |
| 320 | @a有书目 (第535-553页) | |
| 330 | @a本书根据全球主要城市的当前情况和发展目标,选择19个城市作为研究对象,并将其分为四个类型:全球性大都市、区域性大都市、新崛起大都市、崛起中大都市,结构上分经济产业、社会发展和战略规划三篇,并集中分析了数据可得性比较好的15个城市。 | |
| 510 | 1 | @aReport on world cities@zeng |
| 517 | 1 | @a国际大都市发展报告@Aguo ji da du shi fa zhan bao gao |
| 606 | 0 | @a城市经济@Acheng shi jing ji@x经济发展@x研究报告@y世界 |
| 690 | @aF299.1@v4 | |
| 701 | 0 | @a屠启宇@Atu qi yu@4著 |
| 701 | 0 | @a金芳@Ajin fang@4著 |
| 801 | 0 | @aCN@bQSSK@c20080602 |
| 905 | @b722664@dF299.1@eT925@f1 | |
| 金字塔尖的城市:国际大都市发展报告/屠启宇, 金芳等著.-上海:上海人民出版社,2007.07 |
| 567页:图;26cm |
| ISBN 978-7-208-06978-7:CNY78.00 |
| 本书根据全球主要城市的当前情况和发展目标,选择19个城市作为研究对象,并将其分为四个类型:全球性大都市、区域性大都市、新崛起大都市、崛起中大都市,结构上分经济产业、社会发展和战略规划三篇,并集中分析了数据可得性比较好的15个城市。 |
| ● |
| 相关链接 |
|
|
|
正题名:金字塔尖的城市
索取号:F299.1/T925
 
预约/预借
| 序号 | 登录号 | 条形码 | 馆藏地/架位号 | 状态 | 备注 |
| 1 | 722664 | 207226642 | 社科库409/409社科库 114排1列4层/ [索取号:F299.1/T925] | 在馆 |